| 000 | 00482cam a2200193ua 4500 | ||
|---|---|---|---|
| 020 | _c1.25 | ||
| 041 |
_aeng _h |
||
| 082 |
_a535.24 _bJAF/MI |
||
| 100 | _aJaffi, Bernard . | ||
| 245 |
_aMichelson and the speed of light / _cBernard Jaffi. _hTextual Documents |
||
| 250 |
_a1 / _b. |
||
| 260 |
_aMumbai : _bVakils, Jeffer and Simon Pvt Ltd , _c1965. |
||
| 300 | _a197 ; . | ||
| 365 | _a1.25 | ||
| 504 | _a | ||
| 942 | _cBK | ||
| 999 |
_c9058 _d9058 |
||